The Sāhityadarpaṇa. (Record no. 66969)

MARC details
000 -LEADER
fixed length control field 00822cam a22002651 4500
001 - CONTROL NUMBER
control field sa 65010830
003 - CONTROL NUMBER IDENTIFIER
control field DLC
005 - DATE AND TIME OF LATEST TRANSACTION
control field 20260227112211.0
008 - FIXED-LENGTH DATA ELEMENTS--GENERAL INFORMATION
fixed length control field 871027s1965 ii b 000 0 san
010 ## - LIBRARY OF CONGRESS CONTROL NUMBER
LC control number sa 65010830
025 ## - OVERSEAS ACQUISITION NUMBER
Overseas acquisition number PL480:I-San-416
035 ## - SYSTEM CONTROL NUMBER
System control number (OCoLC)16903396
040 ## - CATALOGING SOURCE
Original cataloging agency DLC
Transcribing agency WaU
Modifying agency WaU
-- DLC
041 0# - LANGUAGE CODE
Language code of text/sound track or separate title saneng
042 ## - AUTHENTICATION CODE
Authentication code premarc
050 00 - LIBRARY OF CONGRESS CALL NUMBER
Classification number PK2916
Item number .V577 1965
100 1# - MAIN ENTRY--PERSONAL NAME
Personal name Viśvanātha Kavirāja.
245 14 - TITLE STATEMENT
Title The Sāhityadarpaṇa.
Remainder of title Paricchedas I, II, X Arthalaṅkāras
Statement of responsibility, etc. with exhaustive notes, by P.V. Kane.
250 ## - EDITION STATEMENT
Edition statement [1st ed.]
260 ## - PUBLICATION, DISTRIBUTION, ETC.
Place of publication, distribution, etc. Delhi,
Name of publisher, distributor, etc. Motilal Banarsidass
Date of publication, distribution, etc. [1965]
300 ## - PHYSICAL DESCRIPTION
Extent xi, 65, 345 p.
Dimensions 22 cm.
500 ## - GENERAL NOTE
General note In Sanskrit; introd. and notes in English.
504 ## - BIBLIOGRAPHY, ETC. NOTE
Bibliography, etc. note Bibliographical footnotes.
700 1# - ADDED ENTRY--PERSONAL NAME
Personal name Kāṇe, Pāṇḍuraṅga Vāmana,
Dates associated with a name 1880-

No items available.

Powered by Koha